000 00286nam a2200121Ia 4500
008 190216s9999||||xx |||||||||||||| ||und||
100 _aAboobacker K B
245 0 _aMuslim Namaskara Cramangal
260 _bAmina Book Stall
300 _a108
650 _aIslamic History
942 _cBK
999 _c22259
_d22259